00651nam a22001817a 4500003000400000082001600004100001400020245006300034260003700097300001000134546001200144650004900156650003700205650003600242942001200278999001900290952016000309OSt a658bBOR/FO aBora, P M aFood administration in India:b a study of an Indian state aDelhibAjanta Publicationsc1982 a262p. aEnglish aOrganisational set up of food administration aEvolution of food administration aRationale of state intervention 2ddccBK c163152d163152 00102ddc40708GenaKAUCLVbKAUCLVcGENERALd2019-01-01l0o658 BOR/FOp906683r2019-01-01 00:00:00yBKzBook transferred from CoH Library, Acc.No: 19222